000 01333cam a2200349 i 4500
001 55512
003 BD-RjUL
005 20211209080257.0
008 130329r19711932n b 001 0deng
020 _a9789004226630 (hardback : acidfree paper)
020 _z9789004251472 (e-book)
035 _a(BD-RjUL)
040 _aDLC
_beng
_cDLC
_erda
_dDLC
041 _aeng
042 _apcc
043 _ae------
082 0 0 _a355.0092
_223
_bWEJ 1971
100 1 _aWeeb, Clement C.J.
_9225303
245 1 0 _aJohn of Salisbury /
_cby Clement C.J. Weeb
264 1 _aNewYork :
_bRussel & Rassell ,
_c1971
300 _av,185 pages ;
_c19 cm.
490 0 _aHistory of warfare,
_vvolume 89
504 _aIncludes bibliographical references (pages 205-217) and indexes.
505 0 _aJohn's Military Lexicon -- The Soldiers -- Organization and Logistics -- Armies at War -- The Language of War -- Contemporary Military Accounts.
600 0 0 _aJohn,
_cof Salisbury, Bishop of Chartres,
_d-1180
_xPhilosophy.
_9225304
600 0 0 _aJohn,
_cof Salisbury, Bishop of Chartres,
_d-1180
_xCriticism and interpretation.
_9225305
650 0 _aMilitary art and science
_zEurope
_xHistory
_yTo 1500.
_9225306
651 0 _aEurope
_xHistory, Military.
_9225307
942 _2ddc
_cBK
999 _c55512
_d55512